[Event "ISR-chT"]
[Site "Israel"]
[Date "2023.02.11"]
[Round "8.6"]
[White "Botvinnik, Mikhail I"]
[Black "Kobo, Ori"]
[Result "0-1"]
[WhiteElo "2338"]
[BlackElo "2546"]
[PlyCount "116"]
[EventDate "2023.01.11"]
[EventType "team-tourn"]
[EventRounds "11"]
[EventCountry "ISR"]
[SourceTitle "EXT 2024"]
[Source "ChessBase"]
[SourceDate "2023.10.10"]
[SourceVersion "1"]
[SourceVersionDate "2023.10.10"]
[SourceQuality "1"]
[WhiteTeam "Ramat Gan Etude"]
[BlackTeam "Beer Sheva"]
[WhiteTeamCountry "ISR"]
[BlackTeamCountry "ISR"]

1. c4 e6 2. Nf3 d5 3. g3 d4 4. Bg2 Nc6 5. 0-0 Nf6 6. d3 Bc5 7. e4 e5 8. a3 a5 9. Nh4 h6 10. h3 Ng8 11. Qe1 Be7 12. f4 exf4 13. Nf5 Bxf5 14. exf5 fxg3 15. Qxg3 Kf8 16. Bf4 Rc8 17. Nd2 Nf6 18. Ne4 Nh5 19. Qf3 Nxf4 20. Qxf4 f6 21. Nd2 Ne5 22. Qe4 c6 23. Nf3 Bd6 24. Nxe5 Bxe5 25. Bf3 Qb6 26. Rf2 Re8 27. Qh4 Qc7 28. Rg2 Bf4 29. Be4 h5 30. b4 Bg5 31. Qg3 Qxg3 32. Rxg3 a4 33. Rb1 Re5 34. Rg2 Ke7 35. h4 Bh6 36. b5 cxb5 37. cxb5 Rxe4 38. dxe4 d3 39. Rd1 Rd8 40. Kf2 d2 41. Rg6 Rc8 42. e5 fxe5 43. Re6+ Kf7 44. Rxe5 Rc3 45. f6 Kxf6 46. Rxh5 Rxa3 47. b6 Ke6 48. Ke2 Kd6 49. Rg1 Rh3 50. Rg6+ Ke7 51. Rhxh6 Rh2+ 52. Kd1 gxh6 53. Rg7+ Kd6 54. Rxb7 a3 55. Ra7 a2 56. b7 Kc7 57. Rxa2 Rh1+ 58. Kxd2 Rh2+ 0-1

[Event "ISR-chT"]
[Site "Israel"]
[Date "2021.04.23"]
[Round "2.6"]
[White "Tarnopolsky, Anatoly"]
[Black "Botvinnik, Mikhail I"]
[Result "1/2-1/2"]
[WhiteElo "2319"]
[BlackElo "2356"]
[PlyCount "29"]
[EventDate "2021.04.22"]
[EventType "team-tourn"]
[EventRounds "11"]
[EventCountry "ISR"]
[SourceTitle "EXT 2022"]
[Source "ChessBase"]
[SourceDate "2021.10.06"]
[SourceVersion "1"]
[SourceVersionDate "2021.10.06"]
[SourceQuality "1"]
[WhiteTeam "Petah Tikva Nearim"]
[BlackTeam "Petah Tikva Hapoel"]
[WhiteTeamCountry "ISR"]
[BlackTeamCountry "ISR"]

1. d4 d5 2. c4 dxc4 3. e3 e5 4. Bxc4 exd4 5. exd4 Bd6 6. Nf3 Nf6 7. Qe2+ Qe7 8. Qxe7+ Bxe7 9. 0-0 Nbd7 10. Re1 Nb6 11. Bb3 c6 12. Nc3 Nfd5 13. Bd2 Be6 14. Ng5 Bxg5 15. Bxg5 1/2-1/2

[Event "ISR-chT"]
[Site "Israel"]
[Date "2020.09.15"]
[Round "11.3"]
[White "Botvinnik, Mikhail I"]
[Black "Rahmilevitz, Anton"]
[Result "1/2-1/2"]
[WhiteElo "2348"]
[BlackElo "2223"]
[PlyCount "83"]
[EventDate "2020.01.10"]
[EventType "team-tourn"]
[EventRounds "11"]
[EventCountry "ISR"]
[SourceTitle "EXT 2021"]
[Source "ChessBase"]
[SourceDate "2020.10.23"]
[SourceVersion "1"]
[SourceVersionDate "2020.10.23"]
[SourceQuality "1"]
[WhiteTeam "Petah Tikva Hapoel"]
[BlackTeam "Ashdod A"]
[WhiteTeamCountry "ISR"]
[BlackTeamCountry "ISR"]

1. d4 Nf6 2. c4 g6 3. Nc3 Bg7 4. e4 d6 5. Be2 0-0 6. Be3 e5 7. d5 Ne8 8. g4 f5 9. gxf5 gxf5 10. exf5 Bxf5 11. Nf3 Na6 12. Ng5 Qd7 13. Bd3 Nb4 14. Be4 Nf6 15. a3 Nxe4 16. Ngxe4 Na6 17. Rg1 Kh8 18. Qh5 Rac8 19. Rd1 Rf7 20. b4 b6 21. Ng5 Re7 22. Nce4 Rf8 23. Rg3 Qe8 24. Qh4 Nb8 25. Kd2 b5 26. Rdg1 Nd7 27. Ne6 Rff7 28. Bg5 Rxe6 29. dxe6 Qxe6 30. Be3 Qxc4 31. Bh6 Qa2+ 32. Kd1 Bg6 33. Rxg6 hxg6 34. Rxg6 Qb3+ 35. Ke1 Qb1+ 36. Ke2 Qc2+ 37. Ke1 Qb1+ 38. Kd2 Qb2+ 39. Kd1 Qb3+ 40. Kd2 Qb2+ 41. Kd1 Qb3+ 42. Kd2 1/2-1/2

[Event "Ramat Gan Talent-Experience"]
[Site "Ramat Gan"]
[Date "2020.08.28"]
[Round "3.4"]
[White "Aizenberg, Benny"]
[Black "Botvinnik, Mikhail I"]
[Result "1/2-1/2"]
[WhiteElo "2164"]
[BlackElo "2382"]
[PlyCount "88"]
[EventDate "2020.08.24"]
[EventType "schev"]
[EventRounds "6"]
[EventCountry "ISR"]
[SourceTitle "CBM 198 Extra"]
[Source "ChessBase"]
[SourceDate "2020.11.30"]
[SourceVersion "1"]
[SourceVersionDate "2020.11.30"]
[SourceQuality "1"]
[WhiteTeam "Talent"]
[BlackTeam "Experience"]
[WhiteTeamCountry "ISR"]
[BlackTeamCountry "ISR"]

1. e4 c5 2. Nf3 Nc6 3. d4 cxd4 4. Nxd4 e5 5. Nb5 d6 6. N1c3 a6 7. Na3 Be7 8. Nc4 b5 9. Ne3 Nf6 10. Bd3 0-0 11. a4 b4 12. Ncd5 Nxd5 13. Nxd5 Bg5 14. 0-0 Bxc1 15. Qxc1 Be6 16. Qe3 a5 17. c3 bxc3 18. bxc3 Bxd5 19. exd5 Ne7 20. c4 Ng6 21. Bxg6 hxg6 22. Rab1 Rc8 23. Rfc1 Qh4 24. g3 Qg4 25. f3 Qh5 26. Kg2 Rc5 27. Rb5 Rfc8 28. Qb3 e4 29. Rxc5 Rxc5 30. Qe3 exf3+ 31. Qxf3 Qe5 32. Rc2 Qd4 33. Qf4 Qd3 34. Rd2 Qxc4 35. Qxd6 Qe4+ 36. Kh3 Qf5+ 37. Kg2 Rc4 38. Qe7 Re4 39. Qd8+ Kh7 40. Rf2 Qe5 41. Qxa5 Rd4 42. Qc3 Qxd5+ 43. Qf3 Qxf3+ 44. Rxf3 Rxa4 1/2-1/2

[Event "Ramat Gan Talent-Experience"]
[Site "Ramat Gan"]
[Date "2020.08.26"]
[Round "2.2"]
[White "Botvinnik, Mikhail I"]
[Black "Vagman, Roy"]
[Result "1-0"]
[WhiteElo "2382"]
[BlackElo "2073"]
[PlyCount "95"]
[EventDate "2020.08.24"]
[EventType "schev"]
[EventRounds "6"]
[EventCountry "ISR"]
[SourceTitle "CBM 198 Extra"]
[Source "ChessBase"]
[SourceDate "2020.11.30"]
[SourceVersion "1"]
[SourceVersionDate "2020.11.30"]
[SourceQuality "1"]
[WhiteTeam "Experience"]
[BlackTeam "Talent"]
[WhiteTeamCountry "ISR"]
[BlackTeamCountry "ISR"]

1. c4 e5 2. Nc3 Bb4 3. Qc2 Nf6 4. a3 Bxc3 5. Qxc3 d6 6. d3 Be6 7. Nf3 h6 8. e3 a5 9. b3 Nbd7 10. Be2 0-0 11. 0-0 Qe7 12. Bb2 Rfe8 13. h3 Nf8 14. b4 b6 15. Nd2 Ng6 16. Bf3 Ra7 17. Bc6 Bd7 18. Bxd7 Qxd7 19. f4 exf4 20. exf4 axb4 21. axb4 Rxa1 22. Bxa1 Nf8 23. Ne4 N8h7 24. Kh2 Qe7 25. b5 Qf8 26. Ng3 Nd7 27. Nf5 f6 28. Rf3 g6 29. Ne3 Qf7 30. Nd5 Nc5 31. Rf2 Na4 32. Qd4 Nc5 33. Ra2 Nb3 34. Qc3 Na5 35. Qc1 Nb3 36. Qc2 Na5 37. Bc3 Nb7 38. Ra7 Rb8 39. Qb2 h5 40. Bxf6 Nxf6 41. Nxf6+ Kf8 42. Nd7+ Qxd7 43. Qh8+ Ke7 44. Qxb8 Qf5 45. Qxc7+ Kf6 46. Qxb7 Qxf4+ 47. g3 Qd2+ 48. Qg2 1-0

[Event "ISR-chT"]
[Site "Israel"]
[Date "2020.02.07"]
[Round "5.6"]
[White "Rozentalis, Eduardas"]
[Black "Botvinnik, Mikhail I"]
[Result "1-0"]
[WhiteElo "2531"]
[BlackElo "2348"]
[PlyCount "41"]
[EventDate "2020.01.10"]
[EventType "team-tourn"]
[EventRounds "11"]
[EventCountry "ISR"]
[SourceTitle "CBM 194 Extra"]
[Source "ChessBase"]
[SourceDate "2020.03.31"]
[SourceVersion "1"]
[SourceVersionDate "2020.03.31"]
[SourceQuality "1"]
[WhiteTeam "Kfar Saba Hapoel"]
[BlackTeam "Petah Tikva Hapoel"]
[WhiteTeamCountry "ISR"]
[BlackTeamCountry "ISR"]

1. e4 c5 2. Nf3 e6 3. c3 Nf6 4. e5 Nd5 5. Bc4 d6 6. d4 cxd4 7. cxd4 Nc6 8. 0-0 Be7 9. exd6 Qxd6 10. Nc3 Nxc3 11. bxc3 0-0 12. Re1 b6 13. Ng5 Bxg5 14. Bxg5 Bb7 15. Qg4 e5 16. Qg3 Rae8 17. Rad1 Qg6 18. d5 Na5 19. Bb5 Rc8 20. Be7 Qxg3 21. hxg3 1-0

[Event "ISR-chT"]
[Site "Israel"]
[Date "2019.02.23"]
[Round "8.6"]
[White "Kantsler, Boris"]
[Black "Botvinnik, Mikhail I"]
[Result "1-0"]
[WhiteElo "2398"]
[BlackElo "2379"]
[PlyCount "125"]
[EventDate "2019.01.04"]
[EventType "team-tourn"]
[EventRounds "11"]
[EventCountry "ISR"]
[SourceTitle "CBM 189 Extra"]
[Source "ChessBase"]
[SourceDate "2019.06.03"]
[SourceVersion "1"]
[SourceVersionDate "2019.06.03"]
[SourceQuality "1"]
[WhiteTeam "Ashdod Elite"]
[BlackTeam "Petah Tikva Hapoel"]
[WhiteTeamCountry "ISR"]
[BlackTeamCountry "ISR"]

1. d4 d5 2. c4 dxc4 3. Nf3 Nf6 4. e3 b5 5. a4 b4 6. Bxc4 e6 7. 0-0 Bb7 8. a5 a6 9. Qe2 c5 10. Nbd2 Nbd7 11. Nb3 Be7 12. Bd2 cxd4 13. exd4 Nd5 14. Rfc1 0-0 15. Bd3 Qb8 16. Ne5 Nxe5 17. dxe5 Rc8 18. Rxc8+ Qxc8 19. Rc1 Qd7 20. Nc5 Bxc5 21. Rxc5 Rc8 22. Rxc8+ Qxc8 23. Qe4 g6 24. Qd4 Kg7 25. Bxb4 Qc1+ 26. Bf1 Nxb4 27. Qxb4 Bd5 28. Qc3 Qd1 29. f3 h5 30. h4 Bb7 31. Kf2 Qa4 32. b4 Qd1 33. b5 axb5 34. Bxb5 Qb1 35. Bc4 Qh1 36. Qd4 Qb1 37. a6 Ba8 38. a7 Qc2+ 39. Kg3 Qa4 40. Qc5 Qa1 41. Qe3 Bc6 42. Bd3 Qa3 43. Kf2 Qa2+ 44. Be2 Qa1 45. Qb6 Bd5 46. Qc5 Qa2 47. Qd4 Bc6 48. g4 hxg4 49. fxg4 Qb3 50. h5 Qh3 51. hxg6 Qg2+ 52. Ke1 Kxg6 53. Qe3 f6 54. exf6 Qh1+ 55. Kd2 Kxf6 56. g5+ Ke7 57. Qc5+ Kf7 58. Bd3 Bd5 59. Qc7+ Kf8 60. Qd8+ Kg7 61. Qf6+ Kg8 62. Qg6+ Kf8 63. Qh6+ 1-0

[Event "ISR-chT"]
[Site "Israel"]
[Date "2019.02.16"]
[Round "6.5"]
[White "Botvinnik, Mikhail I"]
[Black "Parkhov, Yair"]
[Result "1/2-1/2"]
[WhiteElo "2379"]
[BlackElo "2336"]
[PlyCount "84"]
[EventDate "2019.01.04"]
[EventType "team-tourn"]
[EventRounds "11"]
[EventCountry "ISR"]
[SourceTitle "CBM 189 Extra"]
[Source "ChessBase"]
[SourceDate "2019.06.03"]
[SourceVersion "1"]
[SourceVersionDate "2019.06.03"]
[SourceQuality "1"]
[WhiteTeam "Petah Tikva Hapoel"]
[BlackTeam "Tsafrir Rehovot"]
[WhiteTeamCountry "ISR"]
[BlackTeamCountry "ISR"]

1. Nf3 d5 2. c4 c6 3. d4 Nf6 4. e3 Bf5 5. Nc3 e6 6. Nh4 Be4 7. f3 Bg6 8. Nxg6 hxg6 9. g3 Nbd7 10. Bd2 Bd6 11. f4 Bb4 12. Bd3 Nb6 13. c5 Nc4 14. Qb3 Bxc3 15. Bxc3 b5 16. cxb6 axb6 17. Bxc4 dxc4 18. Qxc4 Qd5 19. Qxd5 exd5 20. Ke2 Rh3 21. a4 Kd7 22. a5 bxa5 23. Bxa5 Ng4 24. Bc3 Rxa1 25. Rxa1 Rxh2+ 26. Kd3 Nf2+ 27. Ke2 Ne4+ 28. Kd3 Nxg3 29. Ra7+ Ke6 30. Rc7 Ne4 31. Rxc6+ Kf5 32. Rc7 f6 33. Rxg7 g5 34. fxg5 fxg5 35. b4 Ra2 36. Be1 Rb2 37. Re7 Nf6 38. Re5+ Kg4 39. Re6 Ne4 40. Re5 Rb3+ 41. Ke2 Rb2+ 42. Kd3 Rb3+ 1/2-1/2

[Event "ISR-chT"]
[Site "Israel"]
[Date "2019.02.09"]
[Round "4.6"]
[White "Kreizberg, Michael"]
[Black "Botvinnik, Mikhail I"]
[Result "1/2-1/2"]
[WhiteElo "2297"]
[BlackElo "2379"]
[PlyCount "134"]
[EventDate "2019.01.04"]
[EventType "team-tourn"]
[EventRounds "11"]
[EventCountry "ISR"]
[SourceTitle "CBM 188 Extra"]
[Source "ChessBase"]
[SourceDate "2019.02.26"]
[SourceVersion "1"]
[SourceVersionDate "2019.02.26"]
[SourceQuality "1"]
[WhiteTeam "Tel Aviv Har Tsvi"]
[BlackTeam "Petah Tikva Hapoel"]
[WhiteTeamCountry "ISR"]
[BlackTeamCountry "ISR"]

1. d4 Nf6 2. c4 e6 3. g3 Bb4+ 4. Bd2 Qe7 5. Bg2 0-0 6. Nf3 Bxd2+ 7. Qxd2 d6 8. Nc3 e5 9. 0-0 Nc6 10. d5 Nb8 11. e4 a5 12. b3 Na6 13. Nh4 Nc5 14. h3 Nh5 15. Kh2 g5 16. Nf5 Bxf5 17. exf5 Qf6 18. Qc2 Ng7 19. g4 Ne8 20. Be4 Qe7 21. f3 Nf6 22. h4 h6 23. Qd2 Nh7 24. Rh1 gxh4 25. Qxh6 Qg5 26. Qxg5+ Nxg5 27. Kg2 h3+ 28. Kg3 Kg7 29. Rh2 f6 30. Bc2 Kf7 31. Rb1 Ke7 32. a3 Rfb8 33. Re2 Kd7 34. Re3 Rh8 35. Rh1 Na6 36. Ne4 Nxe4+ 37. Bxe4 Nc5 38. Bc2 Rab8 39. b4 axb4 40. axb4 Na6 41. Ba4+ Ke7 42. Rb3 Ra8 43. Bb5 Nb8 44. c5 Ra2 45. Rxh3 Rxh3+ 46. Kxh3 Rd2 47. Bd3 Nd7 48. Rc3 Nf8 49. c6 bxc6 50. dxc6 d5 51. b5 Rb2 52. Kg3 Nh7 53. Ra3 Ng5 54. Bf1 Kd6 55. Bd3 Kc5 56. Ra7 Rb3 57. Be2 Kd6 58. Ra8 e4 59. Rd8+ Ke5 60. b6 exf3 61. Bxf3 Rxf3+ 62. Kg2 cxb6 63. c7 Rc3 64. c8Q Rxc8 65. Rxc8 Kf4 66. Rd8 Kxg4 67. Rxd5 Nf7 1/2-1/2

[Event "ISR-chT"]
[Site "Israel"]
[Date "2019.01.04"]
[Round "1.2"]
[White "Bronstein, Or"]
[Black "Botvinnik, Mikhail I"]
[Result "1-0"]
[WhiteElo "2370"]
[BlackElo "2379"]
[PlyCount "83"]
[EventDate "2019.01.04"]
[EventType "team-tourn"]
[EventRounds "11"]
[EventCountry "ISR"]
[SourceTitle "CBM 188 Extra"]
[Source "ChessBase"]
[SourceDate "2019.02.26"]
[SourceVersion "1"]
[SourceVersionDate "2019.02.26"]
[SourceQuality "1"]
[WhiteTeam "Rishon Le Zion Feldklein"]
[BlackTeam "Petah Tikva Hapoel"]
[WhiteTeamCountry "ISR"]
[BlackTeamCountry "ISR"]

1. c4 Nf6 2. d4 e6 3. g3 Bb4+ 4. Bd2 a5 5. Bg2 0-0 6. Nf3 b6 7. 0-0 Ba6 8. Qc2 d5 9. Ne5 c6 10. Rd1 Qe7 11. Nc3 Nfd7 12. Nxd7 Nxd7 13. cxd5 cxd5 14. e4 Bxc3 15. Bxc3 Nf6 16. e5 Ne4 17. Be1 f6 18. exf6 Qxf6 19. b3 Rf7 20. Rac1 Raf8 21. f3 Ng5 22. f4 Ne4 23. Bf2 b5 24. Be3 b4 25. Qc6 Be2 26. Re1 Bh5 27. Bxe4 dxe4 28. Qxe4 Bg4 29. Rc5 Bf5 30. Qc6 Qg6 31. Bf2 h5 32. Rxa5 Qg4 33. d5 Qf3 34. Re3 Qd1+ 35. Re1 Qf3 36. Qc4 Bd3 37. Qd4 Rxf4 38. gxf4 Rxf4 39. Qe3 Qg4+ 40. Bg3 Re4 41. Ra8+ Kh7 42. Qxd3 1-0

[Event "ISR-chT"]
[Site "Israel"]
[Date "2018.02.23"]
[Round "9.2"]
[White "Aharonovich, Itamar"]
[Black "Botvinnik, Mikhail I"]
[Result "1/2-1/2"]
[WhiteElo "2276"]
[BlackElo "2368"]
[PlyCount "97"]
[EventDate "2018.01.05"]
[EventType "team-tourn"]
[EventRounds "11"]
[EventCountry "ISR"]
[SourceTitle "EXT 2019"]
[Source "ChessBase"]
[SourceDate "2018.10.10"]
[SourceVersion "1"]
[SourceVersionDate "2018.10.10"]
[SourceQuality "1"]
[WhiteTeam "Kiryat Ono"]
[BlackTeam "Petah Tikva Hapoel"]
[WhiteTeamCountry "ISR"]
[BlackTeamCountry "ISR"]

1. d4 d5 2. c4 dxc4 3. Nf3 Nf6 4. e3 b5 5. a4 b4 6. Bxc4 e6 7. 0-0 Bb7 8. Qe2 a6 9. Nbd2 Nbd7 10. e4 Be7 11. e5 Nd5 12. Ne4 0-0 13. Bg5 Bxg5 14. Nexg5 c5 15. Qe4 g6 16. Rfd1 Kg7 17. Qg4 Rc8 18. Rac1 N7b6 19. Bxd5 Qxd5 20. dxc5 Rxc5 21. Qxb4 Rxc1 22. Rxc1 Rc8 23. Re1 Qc5 24. Qh4 h6 25. Nxf7 Kxf7 26. Qf6+ Ke8 27. Qxe6+ Kd8 28. Qxg6 Kc7 29. e6 Nd5 30. e7 Nxe7 31. Qf7 Kb8 32. Qxe7 Qxe7 33. Rxe7 Rc1+ 34. Re1 Rc2 35. b3 Kc7 36. Nd4 Rb2 37. h4 Rd2 38. Re7+ Kb6 39. a5+ Kxa5 40. Rxb7 Rxd4 41. g3 h5 42. f4 Rd1+ 43. Kf2 Rf1+ 44. Ke3 Rf3+ 45. Kd4 Rxf4+ 46. Kc3 Rf3+ 47. Kb2 Rf2+ 48. Ka3 Ra2+ 49. Kxa2 1/2-1/2

[Event "ISR-chT 13"]
[Site "Israel"]
[Date "2013.02.01"]
[Round "9.4"]
[White "Botvinnik, Mikhail I"]
[Black "Bykhovsky, Avigdor"]
[Result "1/2-1/2"]
[WhiteElo "2318"]
[BlackElo "2435"]
[PlyCount "56"]
[EventDate "2012.12.21"]
[EventType "team"]
[EventRounds "11"]
[EventCountry "ISR"]
[SourceTitle "EXT 2014"]
[Source "ChessBase"]
[SourceDate "2013.11.20"]
[SourceVersion "1"]
[SourceVersionDate "2013.11.20"]
[SourceQuality "1"]

1. d4 d5 2. c4 c6 3. Nf3 Nf6 4. e3 Bf5 5. Nc3 e6 6. Nh4 Be4 7. f3 Bg6 8. Nxg6 hxg6 9. g3 Bd6 10. Kf2 Qc7 11. Kg2 Nbd7 12. Bd2 0-0-0 13. cxd5 Nxd5 14. Be2 Nxc3 15. Bxc3 e5 16. d5 c5 17. e4 Kb8 18. Qd2 Nb6 19. Ba5 Rc8 20. h3 f5 21. Rac1 Qe7 22. Bxb6 axb6 23. Bc4 Rcf8 24. a4 Qf6 25. Rcf1 f4 26. g4 Qh4 27. Qe1 Kc7 28. Qxh4 Rxh4 1/2-1/2

[Event "ISR-chT 13"]
[Site "Israel"]
[Date "2012.12.21"]
[Round "1.5"]
[White "Botvinnik, Mikhail I"]
[Black "Givon, Asaf"]
[Result "1/2-1/2"]
[WhiteElo "2318"]
[BlackElo "2409"]
[PlyCount "42"]
[EventDate "2012.12.21"]
[EventType "team"]
[EventRounds "11"]
[EventCountry "ISR"]
[SourceTitle "EXT 2014"]
[Source "ChessBase"]
[SourceDate "2013.11.20"]
[SourceVersion "1"]
[SourceVersionDate "2013.11.20"]
[SourceQuality "1"]

1. d4 Nf6 2. Nc3 d5 3. Bg5 Nbd7 4. Nf3 h6 5. Bh4 e6 6. Qd3 c5 7. e4 cxd4 8. Qxd4 Bc5 9. Qa4 Qb6 10. 0-0-0 0-0 11. exd5 exd5 12. Nxd5 Nxd5 13. Rxd5 Bxf2 14. Bxf2 Qxf2 15. Qd4 Qxd4 16. Rxd4 Nb6 17. Bd3 Be6 18. Be4 Rac8 19. b3 Rc7 20. Rhd1 g5 21. c4 Kg7 1/2-1/2

[Event "ISR-chT 1112"]
[Site "Israel"]
[Date "2012.02.03"]
[Round "7.6"]
[White "Botvinnik, Mikhail I"]
[Black "Greenfeld, Alon"]
[Result "1/2-1/2"]
[WhiteElo "2307"]
[BlackElo "2558"]
[PlyCount "42"]
[EventDate "2011.12.16"]
[EventType "team-tourn"]
[EventRounds "11"]
[EventCountry "ISR"]
[SourceTitle "EXT 2013"]
[Source "ChessBase"]
[SourceDate "2012.11.22"]
[SourceVersion "1"]
[SourceVersionDate "2012.11.22"]
[SourceQuality "1"]

1. d4 Nf6 2. c4 g6 3. Nf3 Bg7 4. g3 0-0 5. Bg2 d6 6. 0-0 Nc6 7. Nc3 Bf5 8. d5 Na5 9. Nd4 Bd7 10. Qd3 c5 11. dxc6 Nxc6 12. b3 Nxd4 13. Qxd4 Ne4 14. Qxe4 Bxc3 15. Bh6 Bxa1 16. Bxf8 Bf6 17. Bh6 Bc6 18. Qd3 a6 19. Bd2 Bxg2 20. Kxg2 b5 21. Rc1 Rb8 1/2-1/2

[Event "ISR-chT 1112"]
[Site "Israel"]
[Date "2012.01.06"]
[Round "5.6"]
[White "Zak, Uri"]
[Black "Botvinnik, Mikhail I"]
[Result "0-1"]
[WhiteElo "2217"]
[BlackElo "2307"]
[PlyCount "52"]
[EventDate "2011.12.16"]
[EventType "team-tourn"]
[EventRounds "11"]
[EventCountry "ISR"]
[SourceTitle "EXT 2013"]
[Source "ChessBase"]
[SourceDate "2012.11.22"]
[SourceVersion "1"]
[SourceVersionDate "2012.11.22"]
[SourceQuality "1"]

1. e4 c5 2. Nf3 Nc6 3. d4 cxd4 4. Nxd4 Qb6 5. Nb3 Nf6 6. Nc3 e6 7. Be3 Qc7 8. a3 Be7 9. f4 d6 10. Be2 a6 11. 0-0 0-0 12. Bf3 b5 13. Qd2 Re8 14. g4 Nd7 15. Qf2 Rb8 16. g5 Bf8 17. Nd4 Bb7 18. Nce2 Nxd4 19. Bxd4 e5 20. Bc3 d5 21. fxe5 Nxe5 22. exd5 Bc5 23. Nd4 Nxf3+ 24. Qxf3 Qe5 25. Qxf7+ Kh8 26. Qf4 Qxd5 0-1

[Event "WUCC op 11th"]
[Site "Zuerich"]
[Date "2010.09.08"]
[Round "6"]
[White "Botvinnik, Mikhail I"]
[Black "Meier, Peter"]
[Result "1/2-1/2"]
[WhiteElo "2337"]
[BlackElo "2047"]
[PlyCount "142"]
[EventDate "2010.09.05"]
[EventType "swiss"]
[EventRounds "9"]
[EventCountry "SUI"]
[SourceTitle "CBM 138 Extra"]
[Source "ChessBase"]
[SourceDate "2010.10.29"]
[SourceVersion "1"]
[SourceVersionDate "2010.10.29"]
[SourceQuality "1"]

1. Nf3 Nf6 2. c4 b6 3. g3 Bb7 4. Bg2 g6 5. d4 Bg7 6. 0-0 0-0 7. Nc3 d6 8. d5 c5 9. Bf4 Nbd7 10. e4 Ng4 11. Nd2 Nde5 12. h3 Nf6 13. Be3 Ne8 14. f4 Nd7 15. Nf3 Rb8 16. Re1 a6 17. a4 Bc8 18. Bf2 Qc7 19. Qe2 e5 20. dxe6 fxe6 21. Ng5 Ndf6 22. e5 dxe5 23. fxe5 Nh5 24. Qg4 Rf5 25. Nf3 Bb7 26. Nh4 Bxg2 27. Kxg2 Qc6+ 28. Qe4 Qxe4+ 29. Nxe4 Rxe5 30. Nf3 Rf5 31. a5 bxa5 32. Rxa5 Rxb2 33. Rxc5 Nhf6 34. Rc8 Nxe4 35. Rxe4 Kf7 36. c5 Rc2 37. Rf4 e5 38. Re4 Bf6 39. Ra8 Rc3 40. Ne1 Ra3 41. Ra7+ Ke6 42. Re2 Be7 43. Nc2 Rxf2+ 44. Rxf2 Bxc5 45. Nxa3 Bxa7 46. Rc2 Kd7 47. Kf3 Nf6 48. Nc4 Bd4 49. Ra2 e4+ 50. Kf4 Kc6 51. Ne3 Kb5 52. Rd2 g5+ 53. Kf5 Bxe3 54. Rd6 Ne8 55. Rd8 Nc7 56. Kxe4 Bf2 57. Kf3 Bc5 58. Rd7 Ne6 59. Rxh7 a5 60. Ke4 Nd4 61. Kd3 Nf5 62. g4 Nd4 63. Rb7+ Kc6 64. Rb8 Nf3 65. Ke4 Ng1 66. Rc8+ Kb5 67. Kd5 Bb4 68. Rh8 Ka4 69. Rh5 Bd2 70. h4 Nf3 71. hxg5 Nxg5 1/2-1/2

[Event "WUCC op 11th"]
[Site "Zuerich"]
[Date "2010.09.08"]
[Round "5"]
[White "Wyss, Jonas"]
[Black "Botvinnik, Mikhail I"]
[Result "1-0"]
[WhiteElo "2270"]
[BlackElo "2337"]
[PlyCount "63"]
[EventDate "2010.09.05"]
[EventType "swiss"]
[EventRounds "9"]
[EventCountry "SUI"]
[SourceTitle "CBM 138 Extra"]
[Source "ChessBase"]
[SourceDate "2010.10.29"]
[SourceVersion "1"]
[SourceVersionDate "2010.10.29"]
[SourceQuality "1"]

1. e4 c5 2. Nf3 Nc6 3. d4 cxd4 4. Nxd4 Qc7 5. Nc3 e6 6. Be3 a6 7. Bd3 Nf6 8. 0-0 h5 9. h3 b5 10. Nxc6 Qxc6 11. Be2 b4 12. e5 bxc3 13. exf6 cxb2 14. Rb1 Rb8 15. Bf3 Qc7 16. Bd4 Rg8 17. Bxb2 gxf6 18. Qd3 f5 19. Qc3 Bc5 20. Ba1 Bb7 21. Qb3 Rg3 22. Qb2 Rxf3 23. Qh8+ Bf8 24. Bg7 Ke7 25. Bf6+ Ke8 26. gxf3 Qf4 27. Be5 Qg5+ 28. Kh2 d6 29. Bxd6 Kd7 30. Bxb8 Bxf3 31. Qd4+ Bd5 32. Rg1 1-0

[Event "WUCC op 11th"]
[Site "Zuerich"]
[Date "2010.09.06"]
[Round "3"]
[White "Munkhgal, Gombosuren"]
[Black "Botvinnik, Mikhail I"]
[Result "1-0"]
[WhiteElo "2289"]
[BlackElo "2337"]
[PlyCount "108"]
[EventDate "2010.09.05"]
[EventType "swiss"]
[EventRounds "9"]
[EventCountry "SUI"]
[SourceTitle "CBM 138 Extra"]
[Source "ChessBase"]
[SourceDate "2010.10.29"]
[SourceVersion "1"]
[SourceVersionDate "2010.10.29"]
[SourceQuality "1"]

1. d4 d6 2. g3 f5 3. Bg2 Nf6 4. c4 g6 5. Nc3 Bg7 6. Nf3 0-0 7. 0-0 Nc6 8. d5 Na5 9. Qd3 c5 10. Bd2 a6 11. Ng5 Rb8 12. b3 b5 13. Ne6 Bxe6 14. dxe6 Qc8 15. cxb5 axb5 16. Nxb5 Nc6 17. Bc3 Ne4 18. Bxg7 Kxg7 19. a4 Qxe6 20. Qe3 Nb4 21. Rad1 Nd5 22. Qc1 Nb4 23. Qe3 Nd5 24. Qc1 Nb4 25. Qb1 Rfc8 26. Rc1 d5 27. e3 Nd6 28. Qa1+ Kf7 29. Na3 Qf6 30. Qb1 e6 31. Rfd1 g5 32. Nc4 Ne8 33. Nd2 g4 34. f3 h5 35. fxg4 hxg4 36. Kh1 Ke7 37. e4 fxe4 38. Nxe4 dxe4 39. Qxe4 Qf5 40. Qe3 Qh5 41. Rc4 Ng7 42. Re1 Kf7 43. Rf1+ Kg8 44. Qe2 Rf8 45. Rxg4 Rxf1+ 46. Bxf1 Qd5+ 47. Bg2 Qxb3 48. h4 Rf8 49. Kh2 Rf5 50. a5 Kf7 51. Qb5 Qb2 52. a6 Rf2 53. Qb7+ Kg8 54. a7 Nd5 1-0

[Event "Kefar Sava schev"]
[Site "Kefar Sava"]
[Date "2010.06.24"]
[Round "5"]
[White "Efroimski, Marsel"]
[Black "Botvinnik, Mikhail I"]
[Result "1-0"]
[WhiteElo "2170"]
[BlackElo "2348"]
[PlyCount "113"]
[EventDate "2010.06.20"]
[EventType "schev"]
[EventRounds "10"]
[EventCountry "ISR"]
[SourceTitle "CBM 137 Extra"]
[Source "ChessBase"]
[SourceDate "2010.09.01"]
[SourceVersion "1"]
[SourceVersionDate "2010.09.01"]
[SourceQuality "1"]

1. e4 c5 2. Nf3 Nc6 3. d4 cxd4 4. Nxd4 Qc7 5. Nc3 e6 6. Be3 a6 7. Bd3 Nf6 8. 0-0 h5 9. h3 b5 10. Nxc6 Qxc6 11. a3 Bb7 12. Be2 Bd6 13. Bd4 e5 14. Be3 Bc5 15. Bxc5 Qxc5 16. Qd3 Rc8 17. Rfd1 Rh6 18. Rd2 h4 19. Bf3 g6 20. Nd1 Rh8 21. Ne3 Ke7 22. b4 Qc7 23. c4 d6 24. Rad1 Rhd8 25. cxb5 axb5 26. Qxb5 Nxe4 27. Rc2 Qd7 28. Qxd7+ Kxd7 29. Rxc8 Rxc8 30. Bg4+ f5 31. Nxf5 gxf5 32. Bxf5+ Ke7 33. Bxc8 Bxc8 34. Rc1 Kd7 35. f3 Ng3 36. Kf2 d5 37. b5 Nf5 38. b6 Nd6 39. Rc7+ Kd8 40. Rh7 d4 41. a4 d3 42. Rxh4 Ba6 43. Ke1 Kd7 44. g4 e4 45. fxe4 Nxe4 46. g5 Nxg5 47. Kf2 Kc6 48. Rh6+ Kb7 49. Ke3 Bc4 50. a5 Ka6 51. Rc6 Bd5 52. Rc5 d2 53. Rxd5 Nxh3 54. Rxd2 Ng5 55. Rd7 Ne6 56. Ra7+ Kb5 57. b7 1-0